Concise principles of company law in Malaysia

Bibliographic Details
Main Author: Rachagan, Shanthy
Other Authors: Joshi, Anil, Pascoe, Janine
Format: Book
Language:English
Published: Petaling Jaya : LexisNexis , 2010
Edition:2nd ed.
Subjects:

MARC

LEADER 00000cam a2200000 7i4500
001 0000024366
005 20120510.0
008 120504s -us# eng
020 |a 9789675371684 ,   |c RM198.00 
040 |a INS 
090 0 0 |a KPG956   |b R33 2010 
100 1 |a Rachagan, Shanthy, 
245 1 0 |a Concise principles of company law in Malaysia   |c Shanthy Rachagan, Janine Pascoe, Anil Joshi 
250 |a 2nd ed. 
260 |a Petaling Jaya :   |b LexisNexis ,   |c 2010 
300 |a xcvii,691p. ;   |c 25cm. 
500 |a Includes index 
650 0 |a Corporation law   |z Malaysia 
700 1 |a Joshi, Anil 
700 1 |a Pascoe, Janine 
999 |a 1000000823   |b BOOK   |c Open Shelf   |e Default branch